Simplified engineering mathematics/ (Record no. 6824)

MARC details
000 -LEADER
fixed length control field 00586nam a22001817a 4500
003 - CONTROL NUMBER IDENTIFIER
control field OSt
005 - DATE AND TIME OF LATEST TRANSACTION
control field 20251204113746.0
008 - FIXED-LENGTH DATA ELEMENTS--GENERAL INFORMATION
fixed length control field 251204b |||||||| |||| 00| 0 eng d
020 ## - INTERNATIONAL STANDARD BOOK NUMBER
International Standard Book Number 971-92790-1-X.
040 ## - CATALOGING SOURCE
Original cataloging agency DWC-Main lib.
Transcribing agency OC
082 ## - DEWEY DECIMAL CLASSIFICATION NUMBER
Classification number Fil. 15 T677s 2003
100 ## - MAIN ENTRY--PERSONAL NAME
Personal name Tordillo, Jose Arvin S.
245 ## - TITLE STATEMENT
Title Simplified engineering mathematics/
Statement of responsibility, etc. Jose Arvin S. Tordillo
260 ## - PUBLICATION, DISTRIBUTION, ETC.
Place of publication, distribution, etc. Cebu City :
Name of publisher, distributor, etc. DMC Busa printers,
Date of publication, distribution, etc. c2003.
300 ## - PHYSICAL DESCRIPTION
Extent v, (various paging) ; 22 cm.
Dimensions 22 cm.
650 ## - SUBJECT ADDED ENTRY--TOPICAL TERM
Topical term or geographic name entry element 1. Engineering mathematics-Problems, exercises, etc.
942 ## - ADDED ENTRY ELEMENTS (KOHA)
Source of classification or shelving scheme Dewey Decimal Classification
Koha item type Book-Filipiniana
Call number prefix Fil.
Suppress in OPAC No
952 ## - LOCATION AND ITEM INFORMATION (KOHA)
--
Holdings
Withdrawn status Lost status Source of classification or shelving scheme Damaged status Not for loan Home library Current library Shelving location Date acquired Source of acquisition Total Checkouts Full call number Barcode Date last seen Copy number Price effective from Koha item type Uniform Resource Identifier
    Dewey Decimal Classification     College Library College Library Filipiniana 03/04/2008 School Fund   Fil. 515 T677s 2003 CL45662 12/04/2025 c1 12/04/2025 BK - FIL